00290pam a2200109 a 4500020000500000041000500005082001000010100002300020245009000043260003600133300001100169 c h a658.4 aBROOKS (I)eauthor aOrganisational Behaviour: Individuals Groups and the Organisation hTextual Document bPitman Publication Londonc1999 aIX,310